| 000 | 00726pam a2200205 a 4500 | ||
|---|---|---|---|
| 020 | _a0135391563 | ||
| 082 | 0 | 0 |
_a624.1821 _bMAN _cL-39, P-171 |
| 100 | 1 |
_aGeschwindner, Louis F., _947344 |
|
| 245 | 1 | 0 |
_aLoad and resistance factor design of steel structures / _cLouis F. Geschwindner, Robert O. Disque, Reidar Bjorhovde. |
| 260 |
_aEnglewood Cliffs, N.J. : _bPrentice Hall, _cc1994. |
||
| 300 |
_axviii, 456 p. : _bill. ; _c24 cm. |
||
| 526 |
_a0 _b0 _c0 _d624_182100000000000_MAN |
||
| 526 |
_a0 _b0 _c0 _d624_182100000000000_MAN |
||
| 650 | 0 | _aBuilding, Iron and steel. | |
| 650 | 0 |
_aMCE _9379 |
|
| 650 | 0 | _aStructural design. | |
| 700 | 1 |
_aBjorhovde, Reidar. _947345 |
|
| 700 | 1 |
_aDisque, Robert O. _947346 |
|
| 942 |
_2ddc _cBK |
||
| 999 |
_c550621 _d550621 |
||